[Event "4NCL Division 1b"]
[Site "Daventry, ENG"]
[Date "2020.02.09"]
[Round "6.56"]
[White "Toma, Katarzyna"]
[Black "Antoniewski, Rafal"]
[Result "1/2-1/2"]
[WhiteElo "2281"]
[BlackElo "2486"]
[PlyCount "89"]
[EventDate "2020.02.09"]
[WhiteTeam "Wood Green Monarchs"]
[BlackTeam "Chess.com Manx Liberty 1"]

1. e4 c5 2. Nf3 Nc6 3. d4 cxd4 4. Nxd4 Nf6 5. Nc3 d6 6. Be2 e5 7. Nb3 h6 8. Be3
Be7 9. Qd2 Be6 10. O-O-O a5 11. Qe1 Qc8 12. Bb5 O-O 13. Kb1 Na7 14. Bxa7 Rxa7
15. Rd3 Qa8 16. a4 b6 17. f3 Rc7 18. Nd2 Rc5 19. Nb3 Bxb3 20. cxb3 d5 21. exd5
Nxd5 22. Nxd5 Rxd5 23. Qe4 Rxd3 24. Qxa8 Rfd8 25. Qb8 Rxb8 26. Bc4 Ra8 27. Bxd3
Bc5 28. Rd1 g6 29. Bc4 Ra7 30. Rd8+ Kg7 31. Kc2 h5 32. Kd3 Re7 33. Bd5 f5 34.
g3 Bg1 35. h3 Bf2 36. g4 Kf6 37. Ke2 Bc5 38. gxh5 gxh5 39. Rf8+ Kg5 40. h4+ Kg6
41. Rg8+ Rg7 42. Re8 Re7 43. Rg8+ Rg7 44. Re8 Re7 45. Rg8+ 1/2-1/2

[Event "4NCL Division 1b"]
[Site "Daventry, ENG"]
[Date "2020.02.09"]
[Round "6.58"]
[White "York-Weaving, Richard"]
[Black "Kolbus, Dietmar"]
[Result "1/2-1/2"]
[WhiteElo "2335"]
[BlackElo "2294"]
[PlyCount "138"]
[EventDate "2020.02.09"]
[WhiteTeam "Wood Green Monarchs"]
[BlackTeam "Chess.com Manx Liberty 1"]

1. e4 c6 2. d4 d5 3. exd5 cxd5 4. c4 Nf6 5. Nc3 e6 6. Nf3 Be7 7. cxd5 exd5 8.
Bd3 O-O 9. h3 Nc6 10. O-O Re8 11. Re1 h6 12. Bf4 a6 13. Rc1 Be6 14. Bb1 Bf8 15.
Ne5 Rc8 16. Qd3 Nb4 17. Qf3 g5 18. Bh2 Bg7 19. Rcd1 Nc6 20. Nxc6 Rxc6 21. Qd3
Bc8 22. Be5 Kf8 23. Re3 Rce6 24. Rde1 Ng8 25. a3 Bxe5 26. Rxe5 f6 27. R5e3 Rxe3
28. fxe3 Re7 29. Rf1 Be6 30. Ba2 Kg7 31. Qe2 Qd6 32. Qf3 Rd7 33. Ne2 Rf7 34.
Ng3 f5 35. Bb1 Ne7 36. h4 g4 37. Nh5+ Kf8 38. Qf4 Qxf4 39. Nxf4 Bd7 40. Rc1 Bc6
41. Ba2 Rf6 42. g3 Ke8 43. Rc5 Rd6 44. b4 b6 45. Rc3 Bb5 46. Bb3 Rc6 47. Rxc6
Bxc6 48. Nd3 Bb5 49. Ne5 Bd7 50. Kf2 Be6 51. Bc2 Bd7 52. Ke1 Be6 53. Bd3 Bc8
54. a4 Kf8 55. a5 b5 56. Be2 Ke8 57. Bf1 Ng8 58. Bg2 Nf6 59. Nd3 Ke7 60. Nf4
Kd6 61. Ng6 Be6 62. Ne5 Ne4 63. Bxe4 fxe4 64. h5 Kc7 65. Ng6 Kd6 66. Kf2 Bf7
67. Ne5 Bxh5 68. Ke1 Kc7 69. Kf2 Kd6 1/2-1/2

[Event "4NCL Division 1b"]
[Site "Daventry, ENG"]
[Date "2020.02.09"]
[Round "6.61"]
[White "O'Toole, George E"]
[Black "Wadsworth, Matthew J"]
[Result "1/2-1/2"]
[WhiteElo "2252"]
[BlackElo "2401"]
[PlyCount "151"]
[EventDate "2020.02.09"]
[WhiteTeam "Barbican 4NCL 2"]
[BlackTeam "Guildford 2"]

1. Nf3 Nf6 2. g3 d5 3. Bg2 c6 4. O-O Bf5 5. d3 h6 6. Nbd2 e6 7. b3 Be7 8. Bb2
a5 9. a3 Bh7 10. Qe1 O-O 11. e4 Re8 12. Qe2 c5 13. Ne5 a4 14. f4 Qb6 15. Kh1
Nc6 16. g4 axb3 17. cxb3 dxe4 18. dxe4 Nxe5 19. fxe5 Nd7 20. Qf3 Rf8 21. Nc4
Qa6 22. a4 Nb6 23. Nd6 Rad8 24. a5 Nc8 25. Nc4 Qc6 26. Qe2 Bg6 27. Rf6 Rfe8 28.
Raf1 b5 29. axb6 Nxb6 30. Nxb6 Qxb6 31. R6f3 Bg5 32. Qc4 Qb4 33. Rc3 Qxc4 34.
Rxc4 Rb8 35. Rxc5 Rxb3 36. Bc1 Ra8 37. Bxg5 hxg5 38. h3 Ra2 39. Rd1 Re3 40. Rc4
Kh7 41. Rb4 Ree2 42. Rg1 Rf2 43. Kh2 Rae2 44. Kg3 Rf4 45. Rf1 Re3+ 46. Rf3
Rexe4 47. Rxe4 Bxe4 48. Re3 Bxg2 49. Kxg2 Kg6 50. Kg3 Rf1 51. Kg2 Ra1 52. Kg3
Ra6 53. Rb3 f6 54. exf6 gxf6 55. Re3 Kf7 56. Rb3 Ra4 57. Re3 e5 58. Rb3 Rf4 59.
Ra3 Ke6 60. Ra6+ Kd5 61. Ra5+ Kc4 62. Ra4+ Kb3 63. Ra8 e4 64. Rc8 Rf3+ 65. Kg2
Rc3 66. Re8 Re3 67. Kf2 Rf3+ 68. Ke2 Rxh3 69. Rxe4 Rh2+ 70. Kf3 Kc3 71. Re6 Rh1
72. Ke2 Rg1 73. Rxf6 Rxg4 74. Kf3 Rg1 75. Kf2 Ra1 76. Rf5 1/2-1/2

[Event "4NCL Division 1b"]
[Site "Daventry, ENG"]
[Date "2020.02.09"]
[Round "6.65"]
[White "Hodgson, John H"]
[Black "Golding, Alex"]
[Result "0-1"]
[WhiteElo "2082"]
[BlackElo "2306"]
[PlyCount "114"]
[EventDate "2020.02.09"]
[WhiteTeam "Barbican 4NCL 2"]
[BlackTeam "Guildford 2"]

1. e4 Nf6 2. e5 Nd5 3. d4 d6 4. c4 Nb6 5. exd6 cxd6 6. Nc3 g6 7. Be3 Bg7 8. Rc1
O-O 9. b3 N6d7 10. g3 Re8 11. Bg2 e5 12. Nge2 Nc6 13. O-O Nf6 14. h3 Bf5 15.
dxe5 Nxe5 16. Nd4 Bd7 17. Ndb5 Bc6 18. Qxd6 Qc8 19. Nxa7 Rxa7 20. Bxa7 Nf3+ 21.
Bxf3 Bxf3 22. Qf4 Bc6 23. Nd5 Qxh3 24. Qf3 Re5 25. Rcd1 Qe6 26. Qg2 Nxd5 27.
cxd5 Bxd5 28. Rxd5 Rxd5 29. Be3 h5 30. Qf3 h4 31. gxh4 Bf6 32. Rd1 Rh5 33. Bg5
Bxg5 34. hxg5 Rxg5+ 35. Kf1 Re5 36. Qd3 Kh7 37. Rd2 Qc6 38. f3 Qc1+ 39. Rd1 Qh6
40. Qd2 Rg5 41. Qd6 Qh1+ 42. Ke2 Qg2+ 43. Ke3 Rf5 44. Kd4 Qxf3 45. Kc4 Rf4+ 46.
Kb5 Rf5+ 47. Kb4 Qf4+ 48. Qxf4 Rxf4+ 49. Kb5 g5 50. a4 g4 51. b4 f5 52. Rd7+
Kh6 53. Rxb7 g3 54. Rb6+ Kh5 55. Rb8 Rg4 56. Rc8 g2 57. Rc1 f4 0-1

[Event "4NCL Division 1b"]
[Site "Daventry, ENG"]
[Date "2020.02.09"]
[Round "6.66"]
[White "Povah, Nigel E"]
[Black "Leon Cazares, Gustavo"]
[Result "1/2-1/2"]
[WhiteElo "2284"]
[BlackElo "2084"]
[PlyCount "94"]
[EventDate "2020.02.09"]
[WhiteTeam "Guildford 2"]
[BlackTeam "Barbican 4NCL 2"]

1. d4 Nf6 2. Bf4 g6 3. Nc3 d5 4. e3 Bg7 5. h4 h5 6. Nb5 Na6 7. Nf3 Bg4 8. Nc3
Nb8 9. Qd2 c6 10. Ne5 Bf5 11. f3 Nbd7 12. Be2 Nxe5 13. Bxe5 Qd7 14. Nd1 O-O 15.
Nf2 Qe6 16. Rg1 c5 17. g4 hxg4 18. fxg4 Be4 19. g5 Nd7 20. Nxe4 Bxe5 21. Bg4
Bg3+ 22. Rxg3 Qxe4 23. O-O-O Rfd8 24. Rf1 Rac8 25. c3 Rc7 26. Qf2 Rf8 27. h5 b5
28. Bxd7 Rxd7 29. hxg6 Qxg6 30. Qh2 cxd4 31. exd4 b4 32. Rh1 Kg7 33. Rh3 bxc3
34. Rh7+ Kg8 35. Rh8+ Kg7 36. Rh7+ Kg8 37. b3 Qxg5+ 38. Kb1 Qg6+ 39. Ka1 f6 40.
Rh6 Qf5 41. Rh5 Qe4 42. Rh7 Qg6 43. Rh8+ Kf7 44. Rxf8+ Kxf8 45. Rg1 c2 46. Kb2
c1=Q+ 47. Rxc1 Kf7 1/2-1/2

[Event "4NCL Division 1b"]
[Site "Daventry, ENG"]
[Date "2020.02.09"]
[Round "6.72"]
[White "Delaney, Killian"]
[Black "Bates, Richard A"]
[Result "1/2-1/2"]
[WhiteElo "2278"]
[BlackElo "2351"]
[PlyCount "89"]
[EventDate "2020.02.09"]
[WhiteTeam "Gonzaga"]
[BlackTeam "Blackthorne Russia"]

1. c4 g6 2. Nc3 Bg7 3. d4 Nf6 4. e4 d6 5. Be2 O-O 6. Be3 Na6 7. g4 e5 8. d5 Nc5
9. f3 a5 10. h4 h5 11. g5 Nh7 12. Qd2 f5 13. O-O-O a4 14. Bxc5 dxc5 15. d6 Be6
16. Nb5 cxd6 17. Qxd6 Qxd6 18. Rxd6 Ra6 19. Rxa6 bxa6 20. Nc7 Bd7 21. Bd3 a3
22. bxa3 Kf7 23. Ne2 Rb8 24. Kd2 Rb7 25. Nxa6 Bf8 26. Rb1 Rxb1 27. Bxb1 Bd6 28.
Nc3 Bc8 29. exf5 gxf5 30. Nb5 Be7 31. Nac7 Nf8 32. a4 Ng6 33. a5 Nxh4 34. a6
Nxf3+ 35. Ke3 e4 36. a7 Bb7 37. a8=Q Bxg5+ 38. Ke2 Bxa8 39. Nxa8 h4 40. Nac7 h3
41. Nd6+ Kg6 42. Nxe4 Nd4+ 43. Kf1 fxe4 44. Bxe4+ Kf6 45. Bb7 1/2-1/2

[Event "4NCL Division 1b"]
[Site "Daventry, ENG"]
[Date "2020.02.09"]
[Round "6.75"]
[White "Webb, Laurence E"]
[Black "Kanyamarala, Trisha"]
[Result "1-0"]
[WhiteElo "2307"]
[BlackElo "2195"]
[PlyCount "107"]
[EventDate "2020.02.09"]
[WhiteTeam "Blackthorne Russia"]
[BlackTeam "Gonzaga"]

1. d4 Nf6 2. c4 e6 3. Nc3 Bb4 4. Bg5 c5 5. d5 d6 6. e3 exd5 7. cxd5 Nbd7 8. Bb5
Bxc3+ 9. bxc3 Qa5 10. Bxd7+ Nxd7 11. Ne2 O-O 12. Be7 Re8 13. Bxd6 Nf6 14. O-O
Bg4 15. Bg3 Bxe2 16. Qxe2 Nxd5 17. c4 Nc3 18. Qc2 Rad8 19. Rfc1 Ne4 20. Rd1 Rd2
21. Rxd2 Qxd2 22. Qxd2 Nxd2 23. Rc1 Re4 24. Rd1 Rxc4 25. f3 Rc2 26. Be1 Rxa2
27. Rxd2 Rxd2 28. Bxd2 b5 29. Kf2 Kf8 30. Ke2 Ke7 31. Kd3 Kd6 32. e4 Kc6 33.
Ba5 g6 34. g4 Kd6 35. f4 h5 36. g5 Ke6 37. Bc3 Kd6 38. f5 Kd7 39. Bg7 Ke7 40.
Kc3 a5 41. Kb3 Ke8 42. Be5 Kd7 43. Bf4 Kc6 44. e5 Kd7 45. e6+ fxe6 46. fxg6 c4+
47. Kc3 Ke8 48. Bd6 e5 49. Bxe5 Kf8 50. Kd4 Ke7 51. Kc5 Ke6 52. g7 Kf7 53. Kxb5
h4 54. Kxa5 1-0

[Event "4NCL Division 1b"]
[Site "Daventry, ENG"]
[Date "2020.02.09"]
[Round "6.76"]
[White "Murray, David"]
[Black "Ledger, Dave J"]
[Result "0-1"]
[WhiteElo "2140"]
[BlackElo "2215"]
[PlyCount "112"]
[EventDate "2020.02.09"]
[WhiteTeam "Gonzaga"]
[BlackTeam "Blackthorne Russia"]

1. e4 e5 2. Nf3 Nc6 3. Bc4 Bc5 4. c3 Nf6 5. d4 exd4 6. e5 d5 7. Bb5 Ne4 8. cxd4
Bb6 9. Nc3 O-O 10. Be3 Bg4 11. Qc2 Bf5 12. Qb3 Ne7 13. O-O c6 14. Be2 Bg4 15.
Qc2 f5 16. exf6 Nxf6 17. Rfe1 Nf5 18. Bd3 Nxe3 19. fxe3 Qd6 20. Ne5 Bh5 21. Na4
Rae8 22. Nxb6 axb6 23. Rf1 Re7 24. Rf4 Rxe5 25. dxe5 Qxe5 26. Re1 Re8 27. Rf5
Qd6 28. Rg5 Bf7 29. Qf2 Qe7 30. Qh4 Ne4 31. Bxe4 Qxe4 32. Qg3 Bg6 33. h4 Re7
34. Kh2 Qb4 35. h5 Be8 36. Re2 Qc4 37. Rf2 h6 38. Rgf5 Kh7 39. R5f4 Qxa2 40.
Qg4 Qb1 41. e4 Re5 42. Rf1 Qxb2 43. exd5 Rxh5+ 44. Kg1 Rxd5 45. Rb4 Qd2 46. Re4
Bg6 47. Re7 Rg5 48. Qf3 Rf5 49. Qg4 Rxf1+ 50. Kxf1 Qc1+ 51. Kf2 Qc5+ 52. Re3 b5
53. Qd7 b6 54. Ke2 b4 55. Kd2 Qc2+ 56. Ke1 b3 0-1

[Event "4NCL Division 1b"]
[Site "Daventry, ENG"]
[Date "2020.02.09"]
[Round "6.77"]
[White "Ledger, Stephen C"]
[Black "Freeman, Gordon"]
[Result "1/2-1/2"]
[WhiteElo "2170"]
[BlackElo "2101"]
[PlyCount "55"]
[EventDate "2020.02.09"]
[WhiteTeam "Blackthorne Russia"]
[BlackTeam "Gonzaga"]

1. d4 d5 2. Bf4 c6 3. e3 Nf6 4. Nd2 Bf5 5. c3 e6 6. Ngf3 Bd6 7. Bg3 Bxg3 8.
hxg3 Nbd7 9. Be2 Ne4 10. Nh4 Ndf6 11. Nxe4 Bxe4 12. f3 Qc7 13. Rh3 g5 14. fxe4
Nxe4 15. Bd3 gxh4 16. Bxe4 dxe4 17. Qg4 hxg3 18. Qxe4 O-O-O 19. O-O-O h5 20.
Rf1 Rd5 21. a3 Rg5 22. Rf4 Qd7 23. Rf3 Rhg8 24. Qh7 R8g7 25. Qh8+ Rg8 26. Qh7
R8g7 27. Qh8+ Rg8 28. Qh7 1/2-1/2

[Event "4NCL Division 1b"]
[Site "Daventry, ENG"]
[Date "2020.02.09"]
[Round "6.78"]
[White "Jackson, Carl"]
[Black "Varney, Zoe"]
[Result "0-1"]
[WhiteElo "2074"]
[BlackElo "2004"]
[PlyCount "78"]
[EventDate "2020.02.09"]
[WhiteTeam "Gonzaga"]
[BlackTeam "Blackthorne Russia"]

1. e4 e5 2. f4 Bc5 3. Nf3 d6 4. Nc3 Bg4 5. h3 Bxf3 6. Qxf3 Nc6 7. Bb5 exf4 8.
Na4 Qh4+ 9. Kd1 Nge7 10. Nxc5 dxc5 11. d3 O-O-O 12. Qxf4 Qxf4 13. Bxf4 Nd4 14.
a4 Kb8 15. Be3 Nxb5 16. axb5 b6 17. Rf1 f6 18. g4 h6 19. Ke2 c6 20. e5 cxb5 21.
exf6 gxf6 22. Rxf6 Nd5 23. Bf4+ Nxf4+ 24. Rxf4 Rd7 25. Raf1 a5 26. Rf6 Kc7 27.
Re6 Rd6 28. Rff6 Rxe6+ 29. Rxe6 a4 30. c3 Kb7 31. Ke3 b4 32. cxb4 cxb4 33. Kd4
Rc8 34. Rxh6 a3 35. bxa3 b3 36. Rh7+ Ka6 37. g5 b2 38. g6 b1=Q 39. h4 Qg1+ 0-1

[Event "4NCL Division 1b"]
[Site "Daventry, ENG"]
[Date "2020.02.09"]
[Round "6.81"]
[White "Roberson, Peter T"]
[Black "Fodor, Tamas Jr."]
[Result "1/2-1/2"]
[WhiteElo "2435"]
[BlackElo "2518"]
[PlyCount "97"]
[EventDate "2020.02.09"]
[WhiteTeam "Grantham Sharks 1"]
[BlackTeam "Cheddleton"]

1. e4 e6 2. d4 d5 3. Nd2 Be7 4. Ngf3 Nf6 5. e5 Nfd7 6. Bd3 c5 7. c3 Nc6 8. O-O
g5 9. Nb1 h5 10. Be3 g4 11. Ne1 Qb6 12. b3 Nf8 13. Nc2 Bd7 14. f3 Rg8 15. Nd2
Qa5 16. b4 cxb4 17. c4 Qd8 18. Qe2 Bg5 19. f4 Bh6 20. Rab1 a5 21. a3 Qe7 22.
cxd5 exd5 23. f5 Bxe3+ 24. Qxe3 Qg5 25. Qxg5 Rxg5 26. Ne3 O-O-O 27. Nxd5 Kb8
28. axb4 Nxd4 29. bxa5 Bxf5 30. a6 b5 31. Nb4 Bxd3 32. Nxd3 Ne2+ 33. Kf2 Nc3
34. Ke3 Nxb1 35. Rxb1 Ka7 36. Rxb5 Kxa6 37. Rb1 Rxd3+ 38. Kxd3 Rxe5 39. Nc4 Re6
40. Rf1 f6 41. g3 Ng6 42. Kd4 Ne7 43. Rb1 Ka7 44. Rb5 f5 45. Kd3 h4 46. gxh4
Rh6 47. Re5 Nc6 48. Rxf5 Rxh4 49. Ne3 1/2-1/2

[Event "4NCL Division 1b"]
[Site "Daventry, ENG"]
[Date "2020.02.09"]
[Round "6.82"]
[White "Astaneh Lopez, Alex"]
[Black "Rendle, Thomas E"]
[Result "0-1"]
[WhiteElo "2432"]
[BlackElo "2361"]
[PlyCount "126"]
[EventDate "2020.02.09"]
[WhiteTeam "Cheddleton"]
[BlackTeam "Grantham Sharks 1"]

1. Nf3 f5 2. d3 Nc6 3. d4 e6 4. g3 Nf6 5. Bg2 g6 6. c4 d5 7. Nc3 Bg7 8. cxd5
Nxd5 9. e4 fxe4 10. Nxe4 O-O 11. O-O Nde7 12. Bg5 h6 13. Bxe7 Qxe7 14. Rc1 Rd8
15. Qc2 g5 16. h3 Nxd4 17. Nxd4 Bxd4 18. Kh1 Qg7 19. b3 Bd7 20. Nc5 Bxc5 21.
Qxc5 c6 22. Rcd1 Rf8 23. Rd2 Rf5 24. Qe3 Rf6 25. Rfd1 Rf7 26. Bf3 Kh8 27. Bh5
Re7 28. Rd6 b6 29. Bf3 Rc8 30. Kg1 c5 31. Qd2 Bb5 32. a4 Be8 33. Bg4 Bf7 34.
Rd8+ Rxd8 35. Qxd8+ Re8 36. Qc7 Bg6 37. Qc6 Qf6 38. Be2 Rf8 39. Rf1 Bf5 40. Kh2
Qd4 41. Qf3 Kg7 42. Rd1 Bc2 43. Rxd4 Rf6 44. Qf4 Rxf4 45. Rd6 Rf3 46. Rd7+ Rf7
47. Rxf7+ Kxf7 48. Bc4 Kf6 49. Kg2 Be4+ 50. f3 Bd5 51. Kf2 Ke5 52. Ke3 h5 53.
f4+ gxf4+ 54. gxf4+ Kf6 55. Kf2 Bxc4 56. bxc4 Kf5 57. Kg3 a6 58. Kf3 h4 59. Ke3
e5 60. fxe5 Kxe5 61. Kf3 Kd4 62. Kg4 Kxc4 63. Kxh4 Kb3 0-1

[Event "4NCL Division 1b"]
[Site "Daventry, ENG"]
[Date "2020.02.09"]
[Round "6.83"]
[White "Batchelor, Peter J"]
[Black "Williams, Simon K"]
[Result "1/2-1/2"]
[WhiteElo "2318"]
[BlackElo "2461"]
[PlyCount "85"]
[EventDate "2020.02.09"]
[WhiteTeam "Grantham Sharks 1"]
[BlackTeam "Cheddleton"]

1. Nf3 f5 2. d3 Nc6 3. d4 e6 4. g3 Nf6 5. Bg2 b5 6. Nbd2 Rb8 7. O-O d5 8. c3
Be7 9. Ne1 O-O 10. Nd3 Bd7 11. f3 Bd6 12. e4 dxe4 13. fxe4 Ng4 14. Qe2 Nxh2 15.
Kxh2 Qh4+ 16. Kg1 Bxg3 17. Nf3 Qxe4 18. Qxe4 fxe4 19. Nfe5 Rxf1+ 20. Bxf1 Be8
21. Bf4 Bxf4 22. Nxf4 Nxe5 23. dxe5 Kf7 24. Re1 Bc6 25. Bg2 Rd8 26. Bxe4 Bxe4
27. Rxe4 g5 28. Nh3 Rd1+ 29. Kf2 Kg6 30. Ke2 Rb1 31. Rb4 a6 32. Nf2 c5 33. Rb3
Kf5 34. Nd1 Kxe5 35. Ra3 h5 36. Rxa6 h4 37. Ra8 Kf4 38. Rf8+ Kg3 39. Rf3+ Kh2
40. Rf2+ Kg3 41. Rf3+ Kh2 42. Rf2+ Kg3 43. Rf3+ 1/2-1/2

[Event "4NCL Division 1b"]
[Site "Daventry, ENG"]
[Date "2020.02.09"]
[Round "6.84"]
[White "Eggleston, David J"]
[Black "Dong, Bao Nghia"]
[Result "0-1"]
[WhiteElo "2396"]
[BlackElo "2209"]
[PlyCount "130"]
[EventDate "2020.02.09"]
[WhiteTeam "Cheddleton"]
[BlackTeam "Grantham Sharks 1"]

1. e4 e6 2. d4 d5 3. Nc3 dxe4 4. Nxe4 Bd7 5. Nf3 Bc6 6. Bd3 Nd7 7. O-O Ngf6 8.
Ng3 g6 9. Qe2 Bg7 10. Ne5 Nxe5 11. dxe5 Nd5 12. a3 Qh4 13. f4 a5 14. Ne4 Ne7
15. Ng5 Nf5 16. Bb5 Nd4 17. Bxc6+ Nxc6 18. g3 Qh5 19. Qxh5 gxh5 20. f5 exf5 21.
Rxf5 Bxe5 22. Nxf7 Bd4+ 23. Kg2 Rf8 24. Nh6 O-O-O 25. c3 Bb6 26. Bg5 Rxf5 27.
Nxf5 Rd5 28. Rf1 Re5 29. Kh3 Re2 30. Ng7 Ne5 31. Nxh5 Rxb2 32. Nf6 Bc5 33. a4
b5 34. Ne4 Bb6 35. axb5 h5 36. Nf6 Rxb5 37. Rf5 c6 38. Ne4 Nc4 39. Rf8+ Kb7 40.
Rf7+ Ka6 41. Rf6 Re5 42. Nd2 Nxd2 43. Bxd2 Re2 44. Bf4 a4 45. Bd6 Kb5 46. Ba3
Bg1 47. Kh4 Rxh2+ 48. Kg5 Be3+ 49. Kg6 c5 50. Rf3 Re2 51. c4+ Kxc4 52. Kxh5 Bd4
53. g4 Re3 54. Rxe3 Bxe3 55. g5 Bd4 56. g6 Kd5 57. Kg4 c4 58. Kf3 c3 59. Ke2
Kc4 60. Bf8 Bf6 61. Be7 Bg7 62. Bd6 Kb3 63. Kd3 a3 64. Bxa3 Kxa3 65. Kc2 Kb4
0-1

[Event "4NCL Division 1b"]
[Site "Daventry, ENG"]
[Date "2020.02.09"]
[Round "6.85"]
[White "Makkar, Rajat"]
[Black "Kirk, Ezra"]
[Result "0-1"]
[WhiteElo "2121"]
[BlackElo "2418"]
[PlyCount "110"]
[EventDate "2020.02.09"]
[WhiteTeam "Grantham Sharks 1"]
[BlackTeam "Cheddleton"]

1. d4 Nf6 2. c4 e6 3. g3 d5 4. Bg2 dxc4 5. Qa4+ Nbd7 6. Qxc4 Rb8 7. a4 Nb6 8.
Qd3 Nbd5 9. Bd2 Bd7 10. e4 Nb4 11. Bxb4 Bxb4+ 12. Nc3 c5 13. Nge2 Bc6 14. O-O
cxd4 15. Qxd4 Qa5 16. e5 Nd7 17. Rfd1 Rd8 18. Nb5 O-O 19. Qxa7 Qxa7 20. Nxa7
Bxg2 21. Kxg2 Nxe5 22. Nb5 Nd3 23. Ned4 Nc5 24. Nc2 Bd2 25. Nbd4 Bg5 26. b4 Ne4
27. h4 Bf6 28. b5 Rd5 29. Kf3 Nd6 30. a5 Nxb5 31. Nxb5 Rf5+ 32. Kg2 Rxb5 33.
Rdb1 Rc5 34. Ra2 Rc7 35. Ne3 g6 36. a6 bxa6 37. Rxa6 Bd4 38. Ra3 Kg7 39. Kf3
Rfc8 40. Rd1 e5 41. h5 Rc3 42. Rxc3 Rxc3 43. hxg6 hxg6 44. Rb1 f5 45. Rb4 Kh6
46. Ke2 Bxe3 47. fxe3 Rc2+ 48. Kf1 Kg5 49. Rh4 Ra2 50. Rb4 e4 51. Rb6 Kg4 52.
Rxg6+ Kf3 53. Kg1 Rg2+ 54. Kh1 Rxg3 55. Rf6 Rg5 0-1

[Event "4NCL Division 2a"]
[Site "Daventry, ENG"]
[Date "2020.01.11"]
[Round "3.11"]
[White "Rudd, Jack"]
[Black "Weller, Jean-Luc"]
[Result "1-0"]
[WhiteElo "2331"]
[BlackElo "2238"]
[PlyCount "81"]
[EventDate "2020.01.11"]
[WhiteTeam "West is Best 1"]
[BlackTeam "Chessable White Rose 2"]

1. d4 Nf6 2. c4 e6 3. Nf3 d5 4. cxd5 exd5 5. Nc3 h6 6. Bf4 c6 7. e3 Bf5 8. Bd3
Bxd3 9. Qxd3 Bd6 10. Bxd6 Qxd6 11. O-O O-O 12. Rab1 Nbd7 13. b4 a6 14. Na4 b5
15. Nc5 Nxc5 16. bxc5 Qe6 17. a4 Ne4 18. Rb2 f5 19. g3 g5 20. Ne1 f4 21. f3
fxg3 22. fxe4 Rxf1+ 23. Qxf1 Rf8 24. Qg2 gxh2+ 25. Kxh2 dxe4 26. axb5 axb5 27.
Qg3 Kg7 28. Qd6 Qxd6+ 29. cxd6 Rd8 30. Nc2 Rxd6 31. Nb4 Rf6 32. Rc2 Rf3 33. Rc3
Rf2+ 34. Kg3 Rb2 35. Nxc6 b4 36. Rc4 Re2 37. Nxb4 Rxe3+ 38. Kg4 Rf3 39. Nd5 Rf7
40. Rc6 Rd7 41. Ne3 1-0

[Event "4NCL Division 2a"]
[Site "Daventry, ENG"]
[Date "2020.01.11"]
[Round "3.12"]
[White "Gayson, Peter M"]
[Black "Blackburn, Jonathan L B"]
[Result "1/2-1/2"]
[WhiteElo "2140"]
[BlackElo "2242"]
[PlyCount "104"]
[EventDate "2020.01.11"]
[WhiteTeam "Chessable White Rose 2"]
[BlackTeam "West is Best 1"]

1. e4 e6 2. d4 d5 3. Nd2 Nf6 4. e5 Nfd7 5. Bd3 c5 6. c3 Nc6 7. Ne2 cxd4 8. cxd4
f6 9. exf6 Nxf6 10. Nf3 Bd6 11. O-O Qc7 12. g3 O-O 13. Bf4 Ng4 14. Bxd6 Qxd6
15. Nf4 Rxf4 16. gxf4 Qxf4 17. h3 e5 18. hxg4 Bxg4 19. Be2 Bh3 20. Nxe5 Nxd4
21. Bg4 Bxf1 22. Qxf1 Qxe5 23. Re1 Qg5 24. Qg2 h5 25. Rd1 Qxg4 26. Qxg4 hxg4
27. Rxd4 Rd8 28. Rxg4 Kf7 29. Kf1 Kf6 30. Ke2 g5 31. f4 gxf4 32. Rxf4+ Ke6 33.
Rh4 Rg8 34. Kd3 Rg2 35. Rh6+ Ke5 36. Rh5+ Kd6 37. Kc3 a5 38. a3 Rg3+ 39. Kd4
Rg4+ 40. Kc3 a4 41. Rh8 Rg3+ 42. Kd4 Rg2 43. Rh6+ Kc7 44. Kxd5 Rxb2 45. Kc5 b6+
46. Kd5 Rb5+ 47. Kc4 Rb3 48. Rh7+ Kc6 49. Rh6+ Kb7 50. Rh8 Ka7 51. Rg8 Ka6 52.
Ra8+ Kb7 1/2-1/2

[Event "4NCL Division 2a"]
[Site "Daventry, ENG"]
[Date "2020.01.11"]
[Round "3.13"]
[White "Cooper, John G"]
[Black "Arnott, Jonathan W"]
[Result "1-0"]
[WhiteElo "2236"]
[BlackElo "2127"]
[PlyCount "93"]
[EventDate "2020.01.11"]
[WhiteTeam "West is Best 1"]
[BlackTeam "Chessable White Rose 2"]

1. c4 c6 2. Nf3 Nf6 3. g3 d5 4. Bg2 dxc4 5. O-O b5 6. a4 Bb7 7. b3 b4 8. bxc4
a5 9. d4 Nbd7 10. Nbd2 c5 11. Nb3 e6 12. Bg5 h6 13. Bxf6 Qxf6 14. Ne5 Bxg2 15.
Nxd7 Qd8 16. Kxg2 Qxd7 17. e3 cxd4 18. Qf3 Ra7 19. Rfd1 d3 20. c5 Be7 21. c6
Qc8 22. Rxd3 O-O 23. Rc1 Rd8 24. Qe4 Rxd3 25. Qxd3 Bf6 26. Rc5 Be7 27. Rc4 Rc7
28. Qe4 Qa6 29. h4 Qb6 30. Kh2 Bd6 31. h5 Rc8 32. Qc2 Bc7 33. Nd4 Be5 34. Nb3
Bc7 35. Qe4 Rd8 36. Rc5 Qa6 37. Rb5 Rd6 38. Nd4 b3 39. Rb7 Qf1 40. Rxc7 Qxf2+
41. Kh3 f5 42. Qf3 Qxf3 43. Nxf3 b2 44. Rb7 Rxc6 45. Rb8+ Kh7 46. Ne5 Rc5 47.
Ng6 1-0

[Event "4NCL Division 2a"]
[Site "Daventry, ENG"]
[Date "2020.01.11"]
[Round "3.14"]
[White "Shaw, Peter"]
[Black "Jones, Steven A"]
[Result "1/2-1/2"]
[WhiteElo "2052"]
[BlackElo "2227"]
[PlyCount "108"]
[EventDate "2020.01.11"]
[WhiteTeam "Chessable White Rose 2"]
[BlackTeam "West is Best 1"]

1. d4 d5 2. c4 dxc4 3. Nf3 Nf6 4. e3 e6 5. Bxc4 c5 6. O-O a6 7. Bb3 Nbd7 8. Qe2
b5 9. a4 Bb7 10. Rd1 Qb8 11. axb5 axb5 12. Rxa8 Bxa8 13. dxc5 Nxc5 14. Bc2 Be7
15. Nc3 b4 16. Qb5+ Qxb5 17. Nxb5 O-O 18. Nfd4 Rb8 19. Na7 b3 20. Bb1 Rd8 21.
Rf1 Bf8 22. Nab5 e5 23. Nf3 Bxf3 24. gxf3 Na4 25. Nc3 Nxc3 26. bxc3 Be7 27. Bb2
Nd7 28. Rd1 Nb6 29. Rxd8+ Bxd8 30. Bd3 Na4 31. Ba3 Bb6 32. Kf1 g6 33. Bb4 Bc5
34. Ke2 Kf8 35. Kd2 Ke7 36. Bb5 Bxb4 37. cxb4 b2 38. Bd3 Nb6 39. Kc3 Nd5+ 40.
Kb3 Kd6 41. b5 Kc5 42. Kxb2 Nc7 43. Kc3 f6 44. Bc4 Nxb5+ 45. Bxb5 Kxb5 46. Kd3
f5 47. f4 exf4 48. exf4 Kc6 49. Ke3 Kd5 50. Kd3 h6 51. h4 Kc5 52. Kc3 Kd5 53.
Kd3 Kc5 54. Kc3 Kd5 1/2-1/2

[Event "4NCL Division 2a"]
[Site "Daventry, ENG"]
[Date "2020.01.11"]
[Round "3.15"]
[White "Kett, Tim"]
[Black "Burnett, Jim"]
[Result "1/2-1/2"]
[WhiteElo "2180"]
[BlackElo "2030"]
[PlyCount "67"]
[EventDate "2020.01.11"]
[WhiteTeam "West is Best 1"]
[BlackTeam "Chessable White Rose 2"]

1. c4 e6 2. Nf3 d5 3. g3 Nf6 4. Bg2 Be7 5. b3 O-O 6. Bb2 c6 7. O-O Nbd7 8. d4
b6 9. Nbd2 Ba6 10. Re1 Rc8 11. e4 Qc7 12. Rc1 Qb8 13. e5 Ne8 14. h4 h6 15. Nh2
Nc7 16. h5 Rfd8 17. Qg4 Nf8 18. f4 Nh7 19. Nhf3 Kh8 20. Bf1 b5 21. cxb5 cxb5
22. f5 Qb6 23. Rc2 Ne8 24. Rec1 Rxc2 25. Rxc2 b4 26. fxe6 fxe6 27. Nh2 Bh4 28.
gxh4 Nf8 29. Bxa6 Qxa6 30. Qf3 Kg8 31. Ndf1 Qb7 32. Bc1 Rc8 33. Rf2 Qe7 34. Bd2
1/2-1/2

[Event "4NCL Division 2a"]
[Site "Daventry, ENG"]
[Date "2020.01.11"]
[Round "3.16"]
[White "Lewyk, Ihor"]
[Black "Zeidler, Sven P"]
[Result "1/2-1/2"]
[WhiteElo "2029"]
[BlackElo "2185"]
[PlyCount "67"]
[EventDate "2020.01.11"]
[WhiteTeam "Chessable White Rose 2"]
[BlackTeam "West is Best 1"]

1. Nf3 f5 2. e4 fxe4 3. Ng5 e5 4. d3 e3 5. Bxe3 Nc6 6. Be2 Nf6 7. O-O d5 8. f4
exf4 9. Bxf4 Bc5+ 10. Kh1 O-O 11. c3 h6 12. Nf3 Ng4 13. Nd4 Nxd4 14. cxd4 Bd6
15. Bxg4 Rxf4 16. Rxf4 Bxf4 17. Bxc8 Rxc8 18. Nd2 c6 19. Nf3 Qe7 20. Qe1 Re8
21. Qxe7 Rxe7 22. Re1 Re3 23. Rxe3 Bxe3 24. g4 Kf7 25. Kg2 Ke6 26. Kf1 Kd6 27.
Ke2 Bc1 28. b3 c5 29. dxc5+ Kxc5 30. Kd1 Bb2 31. Kc2 Bf6 32. a3 a5 33. Kb1 Kb5
34. Kc2 1/2-1/2

[Event "4NCL Division 2a"]
[Site "Daventry, ENG"]
[Date "2020.01.11"]
[Round "3.17"]
[White "Phillips, Roy"]
[Black "Chan, Sheng Liang Bernard"]
[Result "0-1"]
[WhiteElo "2176"]
[BlackElo "1802"]
[PlyCount "112"]
[EventDate "2020.01.11"]
[WhiteTeam "West is Best 1"]
[BlackTeam "Chessable White Rose 2"]

1. g3 d5 2. Bg2 e5 3. d3 Be6 4. Nd2 Nf6 5. Ngf3 Nc6 6. O-O Bc5 7. e4 dxe4 8.
dxe4 Qe7 9. c3 a6 10. Qe2 O-O 11. b4 Ba7 12. Nc4 Ng4 13. h3 b5 14. Nb2 Nf6 15.
a4 Rfb8 16. axb5 axb5 17. Be3 Bxe3 18. Qxe3 Rxa1 19. Rxa1 Ne8 20. Ra6 Bd7 21.
Nd3 Rd8 22. Qc5 Qxc5 23. Nxc5 Nb8 24. Ra5 f6 25. Nxd7 Nxd7 26. Rxb5 Nd6 27. Rd5
Nb6 28. Rd3 Ra8 29. Nd2 Ra1+ 30. Bf1 Rc1 31. c4 Na4 32. c5 Nb5 33. Rd7 c6 34.
Kg2 Nd4 35. Bc4+ Kf8 36. Bf7 Nb2 37. Nb3 Rd1 38. Na5 Nd3 39. Bc4 Ne1+ 40. Kg1
Ndf3+ 41. Kf1 Rxd7 42. Nxc6 Nd2+ 43. Kxe1 Nxc4 44. b5 Rc7 45. Ke2 Rxc6 46. bxc6
Ke7 47. f4 Na5 48. fxe5 fxe5 49. Kd3 Kd8 50. Kc3 Kc7 51. Kb4 Nxc6+ 52. Kc4 Ne7
53. Kb5 g5 54. g4 h6 55. c6 Nxc6 56. Kc5 Ne7 0-1